00850cam a22002773a 45000010005000000030006000050050017000110080041000280400015000690420007000840500007000911000034000982450097001322600029002295060030002585160020002886530022003086530018003306530021003486530034003698300028004038560041004319420007004729990019004799520074004983711PGUSA20140828083037.0030201s2003||||xxu|||||s|||||000 1 eng d aPGUSAbeng adc 4aPR1 aTrollope, Anthony,d1815-188214aThe Relics of General Chasse :bA Tale of Antwerph[electronic resource] /cAnthony Trollope bProject Gutenberg,c2003 aPublic domain in the USA. aElectronic text aClergy -- Fiction aShort stories aHumorous stories aBritish -- Belgium -- Fiction 0aProject Gutenbergv371140uhttp://www.gutenberg.org/ebooks/3711 cEB c233040d233040 001040aGTBbGTBd2014-08-28l0r2014-08-28 00:00:00w2014-08-28yEB